Guess the Beatles song with no hints #1 - Statistics

General Stats
  • This quiz has been taken 116 times
  • The average score is 135 of 253
Answer Stats
Answer % Correct
I
99%
a
95%
love
85%
you
84%
when
84%
you
84%
the
83%
to
81%
me
76%
and
69%
do
67%
be
63%
go
61%
she
61%
want
61%
on
59%
my
57%
of
54%
is
53%
no
52%
for
51%
get
50%
I'm
50%
where
50%
see
49%
your
48%
don't
46%
tell
46%
yeah
41%
back
40%
will
40%
but
39%
come
38%
let
37%
oh
36%
top
36%
yes
36%
bottom
35%
down
35%
helter
35%
look
35%
make
35%
skelter
35%
again
34%
ride
34%
lover
33%
slide
33%
ain't
31%
may
30%
dancer
29%
fast
29%
got
29%
answer
28%
here
28%
out
28%
she's
28%
turn
28%
above
27%
coming
27%
comming
27%
I've
27%
miles
26%
stop
26%
break
25%
well
25%
won't
25%
till
22%
fingers
20%
cause
17%
comes
16%
whoo
9%
blasters
1%
No matching quizzes found
Score Distribution
Percent of People with Each Score
Percentile by Number Answered
Your Score History
You have not taken this quiz